000 00267nam a22001097a 4500
082 _a657
_bGUP/A
100 _aNEESHA GUPTA
245 _aACCOUNTANCY
_bCLASS XII
260 _aDELHI
_bDHANPAT RAI & CO
_c2014
650 _aPARTNERSHIP FIRMS AND COMPANIES
_zINDIA
942 _cBK
999 _c613
_d613